000 00201 a2200097 4500
001 43527
100 _aArnold
245 _aSang Celestial
260 _aAllahbad
_bKitabistan
_c
090 _c27340
_d27340
942 _aNUST-CAE
_cM
_c19270
999 _c278600
_d278600